Music Quiz

Random Music or Lyrics Quiz

No Surprises (Radiohead) Lyrics Quiz Stats

 Plays Quiz not verified by Sporcle

Challenge
Share
Tweet
Embed
Score 0/93 Timer 06:00
0 Plays Today
% Correct
[Repeated x2]
100%
[Repeated x2]
100%
[Repeated x2]
100%
A
99.5%
a
99.5%
A
99.5%
the
99.5%
a
99.5%
A
99.5%
and
99.5%
and
99.5%
and
99.5%
a
99.5%
a
99.5%
and
99.5%
and
99.5%
No
99.1%
no
99.1%
No
99.1%
no
99.1%
No
99.1%
no
99.1%
No
99.1%
no
99.1%
No
99.1%
no
99.1%
surprises
98.5%
surprises
98.5%
surprises
98.5%
surprises
98.5%
surprises
98.5%
% Correct
alarms
92.8%
alarms
92.8%
alarms
92.8%
alarms
92.8%
alarms
92.8%
you
90.4%
You
90.4%
please
87.5%
please
87.5%
that
86.9%
that
86.9%
for
86.2%
don't
85.8%
don't
85.8%
They
85.6%
they
85.6%
us
84.6%
so
84%
speak
83.6%
carbon
82.9%
slowly
82.8%
of
82.7%
kills
82.6%
monoxide
82.5%
down
82.2%
government
82.1%
job
81%
look
80.8%
won't
80.6%
tired
80.6%
unhappy
80.3%
% Correct
take
80.2%
Bring
79.9%
I'll
79.9%
quiet
79.2%
heal
78.4%
life
78.4%
full
78.3%
is
78.3%
Bruises
77.6%
This
75.9%
pretty
75.9%
pretty
75.9%
handshake
75.7%
final
74.6%
final
74.6%
house
74.5%
Such
74.1%
such
74.1%
my
73.4%
my
73.4%
heart
72.4%
like
72.1%
garden
71.6%
landfill
71.1%
up
71%
that's
70.8%
bellyache
68.6%
with
68%
Silent
56.4%
silent
56.4%
fit
47%

You're not logged in!

Compare scores with friends on all Sporcle quizzes.
Join for Free
OR
Log In

You Might Also Like...

Show Comments

Extras

Top Quizzes Today


Score Distribution

Your Account Isn't Verified!

In order to create a playlist on Sporcle, you need to verify the email address you used during registration. Go to your Sporcle Settings to finish the process.

Report this User

Report this user for behavior that violates our Community Guidelines.

Details: